| 000 | 00604nam a22001932 4500 | ||
|---|---|---|---|
| 001 | 0000007233 | ||
| 005 | 20151217154401.0 | ||
| 008 | 071204s xx 000 0 eng d | ||
| 020 |
_a8175962569 : _cKES 2450 |
||
| 040 |
_aKABU _cKABU |
||
| 245 | 1 | 0 |
_aInformation and communications technology for teachers / _cS, Ratnajeevan ...[et al.]. |
| 260 |
_aBangalore : _bFoundation Books, _c2005. |
||
| 300 | _avii, 163 p. | ||
| 650 | 0 |
_aInformation technology. _@0000150287 |
|
| 700 | 1 |
_aRatnajeevan, S. _@0000158390 |
|
| 908 | _a071204 | ||
| 950 | _@1 | ||
| 999 |
_c10925 _d10925 |
||